<?xml version="1.0" encoding="UTF-8"?><record xmlns="http://www.loc.gov/MARC21/slim" xmlns:zs="http://docs.oasis-open.org/ns/search-ws/sruResponse">
  <leader>04228cam a22007215a 4500</leader>
  <controlfield tag="001">12642507</controlfield>
  <controlfield tag="005">20250606191817.6</controlfield>
  <controlfield tag="008">020111s1638    cc b          000 0 chi d</controlfield>
  <datafield ind1=" " ind2=" " tag="906">
    <subfield code="a">0</subfield>
    <subfield code="b">ibc</subfield>
    <subfield code="c">copycat</subfield>
    <subfield code="d">2</subfield>
    <subfield code="e">ncip</subfield>
    <subfield code="f">20</subfield>
    <subfield code="g">y-rlinjack</subfield>
  </datafield>
  <datafield ind1=" " ind2=" " tag="955">
    <subfield code="i">yb01 2002-01-11</subfield>
    <subfield code="h">th78 2015-06-16</subfield>
  </datafield>
  <datafield ind1=" " ind2=" " tag="955">
    <subfield code="a">LCAP batch update 2025-06-01-04:00: LCAPM-644, LCAPM-893</subfield>
  </datafield>
  <datafield ind1=" " ind2=" " tag="010">
    <subfield code="a">  2002530058</subfield>
  </datafield>
  <datafield ind1=" " ind2=" " tag="035">
    <subfield code="a">(CStRLIN)DCLP02-B573</subfield>
  </datafield>
  <datafield ind1=" " ind2=" " tag="035">
    <subfield code="a">12642507</subfield>
  </datafield>
  <datafield ind1=" " ind2=" " tag="040">
    <subfield code="a">CcWsHPS</subfield>
    <subfield code="c">CStRLIN</subfield>
    <subfield code="d">CStRLIN</subfield>
    <subfield code="d">DLC-R</subfield>
    <subfield code="d">DLC</subfield>
  </datafield>
  <datafield ind1=" " ind2=" " tag="042">
    <subfield code="a">lccopycat</subfield>
  </datafield>
  <datafield ind1=" " ind2=" " tag="043">
    <subfield code="a">a-cc---</subfield>
  </datafield>
  <datafield ind1="0" ind2="0" tag="050">
    <subfield code="a">G2306</subfield>
  </datafield>
  <datafield ind1=" " ind2=" " tag="066">
    <subfield code="c">$1</subfield>
  </datafield>
  <datafield ind1=" " ind2=" " tag="090">
    <subfield code="a">B182.078 W95</subfield>
  </datafield>
  <datafield ind1="0" ind2="0" tag="245">
    <subfield code="6">880-01</subfield>
    <subfield code="a">Jin gu yu di tu :</subfield>
    <subfield code="b">[san juan] /</subfield>
    <subfield code="c">Shen Dingzhi, Wu Guofu ji.</subfield>
  </datafield>
  <datafield ind1="0" ind2="0" tag="880">
    <subfield code="6">245-01/$1</subfield>
    <subfield code="a">今古輿地圖 :</subfield>
    <subfield code="b">[三卷] /</subfield>
    <subfield code="c">沈定之, 吳國輔輯.</subfield>
  </datafield>
  <datafield ind1="3" ind2=" " tag="246">
    <subfield code="6">880-02</subfield>
    <subfield code="a">Jin gu yu di tu shuo</subfield>
  </datafield>
  <datafield ind1="3" ind2=" " tag="880">
    <subfield code="6">246-02/$1</subfield>
    <subfield code="a">今古輿地圖說</subfield>
  </datafield>
  <datafield ind1=" " ind2=" " tag="250">
    <subfield code="6">880-03</subfield>
    <subfield code="a">[Zhu mo tao yin ben].</subfield>
  </datafield>
  <datafield ind1=" " ind2=" " tag="880">
    <subfield code="6">250-03/$1</subfield>
    <subfield code="a">[朱墨套印本].</subfield>
  </datafield>
  <datafield ind1=" " ind2=" " tag="260">
    <subfield code="6">880-04</subfield>
    <subfield code="a">[China] :</subfield>
    <subfield code="b">Wu Guofu,</subfield>
    <subfield code="c">Ming Chongzhen wu yin [11 nian, 1638]</subfield>
    <subfield code="g">(Chongzhen gui wei [16 nian, 1643] impression)</subfield>
  </datafield>
  <datafield ind1=" " ind2=" " tag="880">
    <subfield code="6">260-04/$1</subfield>
    <subfield code="a">[China] :</subfield>
    <subfield code="b">吳國輔,</subfield>
    <subfield code="c">明崇禎戊寅 [11年, 1638]</subfield>
    <subfield code="g">(崇禎癸未 [16 年, 1643]  impression)</subfield>
  </datafield>
  <datafield ind1=" " ind2=" " tag="300">
    <subfield code="a">3 v. :</subfield>
    <subfield code="b">maps ;</subfield>
    <subfield code="c">30 cm.</subfield>
  </datafield>
  <datafield ind1=" " ind2=" " tag="336">
    <subfield code="a">text</subfield>
    <subfield code="b">txt</subfield>
    <subfield code="2">rdacontent</subfield>
  </datafield>
  <datafield ind1=" " ind2=" " tag="337">
    <subfield code="a">unmediated</subfield>
    <subfield code="b">n</subfield>
    <subfield code="2">rdamedia</subfield>
  </datafield>
  <datafield ind1=" " ind2=" " tag="338">
    <subfield code="a">volume</subfield>
    <subfield code="b">nc</subfield>
    <subfield code="2">rdacarrier</subfield>
  </datafield>
  <datafield ind1=" " ind2=" " tag="500">
    <subfield code="a">Running title.</subfield>
  </datafield>
  <datafield ind1=" " ind2=" " tag="880">
    <subfield code="6">500-00/$1</subfield>
    <subfield code="a">上卷卷端題"今古輿地圖說", 中, 下卷及版心皆題"今古輿地圖", 書名據此.</subfield>
  </datafield>
  <datafield ind1=" " ind2=" " tag="880">
    <subfield code="6">500-00/$1</subfield>
    <subfield code="a">十行二十四字 小字雙行同. Ten lines, with twenty-four characters per line; small characters in paired lines of twenty-four characters per line.</subfield>
  </datafield>
  <datafield ind1=" " ind2=" " tag="880">
    <subfield code="6">500-00/$1</subfield>
    <subfield code="a">崇禎戊寅吳國輔"今古輿地圖序"言刻書事.</subfield>
  </datafield>
  <datafield ind1=" " ind2=" " tag="880">
    <subfield code="6">500-00/$1</subfield>
    <subfield code="a">崇禎癸未陳子龍"今古輿地圖序".</subfield>
  </datafield>
  <datafield ind1=" " ind2=" " tag="880">
    <subfield code="6">500-00/$1</subfield>
    <subfield code="a">明吳國輔撰。國輔字期主，山陰人。是書因父執沈定之舊稿纂輯而成，錢曾讀書敏求記，四庫全書存目著錄本並不詳撰人，卷數亦不相同，然實為一書，此本為圖凡六十，以墨作今，以朱表古。攷舊唐書賈耽傳：「撰古今郡國縣道四夷述四十卷，其古郡國題以墨，今州縣題以朱，今古殊文，執習簡易」，其法正相同，惟古今朱墨互易耳。清李兆洛楊守敬並題今地以朱色，蓋師耽意。然用朱墨套版刊印地圖，前此似未見，則此亦有足珍者！至其內容，十七八本偽蘇軾指掌圖。卷內有「載齡鑑賞」、「餘慶堂家藏印」。陳子龍(序)崇禎十六年 (1643)，自序  崇禎十一年 (1638).</subfield>
  </datafield>
  <datafield ind1=" " ind2=" " tag="880">
    <subfield code="6">500-00/$1</subfield>
    <subfield code="a">框25.2 x 16.1公分, 白口, 四周單邊, 單黑魚尾. 版心上鐫書名, 中鐫卷次.</subfield>
  </datafield>
  <datafield ind1=" " ind2=" " tag="880">
    <subfield code="6">500-00/$1</subfield>
    <subfield code="a">著者據吳國輔"序".</subfield>
  </datafield>
  <datafield ind1=" " ind2=" " tag="520">
    <subfield code="a">The maps are process printed with red and black ink. Chen Zilong wrote the introduction in 1638 and the preface in 1643.</subfield>
  </datafield>
  <datafield ind1=" " ind2=" " tag="520">
    <subfield code="a">The three-volume work composed of maps with detailed texts was compiled by Wu Guofu of the Ming dynasty, based on a work done by Shen Dingzhi. The maps are executed in chromatography in red and black. There are two prefaces: one by Wu Guofu, dated 1638, and another by Chen Zilong, dated 1643.</subfield>
    <subfield code="c">World Digital Library.</subfield>
  </datafield>
  <datafield ind1=" " ind2=" " tag="530">
    <subfield code="a">Also available in digital form.</subfield>
  </datafield>
  <datafield ind1=" " ind2=" " tag="590">
    <subfield code="a">In case.</subfield>
  </datafield>
  <datafield ind1=" " ind2=" " tag="590">
    <subfield code="a">LC has another copy.</subfield>
  </datafield>
  <datafield ind1=" " ind2="7" tag="650">
    <subfield code="6">880-05</subfield>
    <subfield code="a">Shi bu</subfield>
    <subfield code="x">Di li lei</subfield>
    <subfield code="x">Zong zhi.</subfield>
    <subfield code="2">sk</subfield>
  </datafield>
  <datafield ind1=" " ind2="7" tag="880">
    <subfield code="6">650-05/$1</subfield>
    <subfield code="a">史部</subfield>
    <subfield code="x">地理類</subfield>
    <subfield code="x">總志.</subfield>
    <subfield code="2">sk</subfield>
  </datafield>
  <datafield ind1=" " ind2="0" tag="651">
    <subfield code="a">China</subfield>
    <subfield code="v">Maps</subfield>
    <subfield code="v">Early works to 1800.</subfield>
  </datafield>
  <datafield ind1=" " ind2="0" tag="651">
    <subfield code="a">China</subfield>
    <subfield code="x">Historical geography.</subfield>
  </datafield>
  <datafield ind1=" " ind2="7" tag="655">
    <subfield code="a">Maps.</subfield>
    <subfield code="2">lcgft</subfield>
    <subfield code="0">https://id.loc.gov/authorities/genreForms/gf2011026387</subfield>
  </datafield>
  <datafield ind1="1" ind2=" " tag="700">
    <subfield code="6">880-06</subfield>
    <subfield code="a">Shen, Dingzhi,</subfield>
    <subfield code="e">ji.</subfield>
  </datafield>
  <datafield ind1="1" ind2=" " tag="880">
    <subfield code="6">700-06/$1</subfield>
    <subfield code="a">沈定之,</subfield>
    <subfield code="e">輯.</subfield>
  </datafield>
  <datafield ind1="1" ind2=" " tag="700">
    <subfield code="6">880-07</subfield>
    <subfield code="a">Wu, Guofu,</subfield>
    <subfield code="e">ji,</subfield>
    <subfield code="e">ke.</subfield>
  </datafield>
  <datafield ind1="1" ind2=" " tag="880">
    <subfield code="6">700-07/$1</subfield>
    <subfield code="a">吳國輔,</subfield>
    <subfield code="e">輯,</subfield>
    <subfield code="e">刻.</subfield>
  </datafield>
  <datafield ind1="2" ind2=" " tag="710">
    <subfield code="a">Chinese Rare Book Collection (Library of Congress)</subfield>
    <subfield code="5">DLC</subfield>
  </datafield>
  <datafield ind1="4" ind2="1" tag="856">
    <subfield code="3">World Digital Library</subfield>
    <subfield code="u">http://hdl.loc.gov/loc.wdl/wdl.4454</subfield>
  </datafield>
  <datafield ind1="4" ind2="1" tag="856">
    <subfield code="d">lcnclscd</subfield>
    <subfield code="f">2002530058</subfield>
    <subfield code="u">https://hdl.loc.gov/loc.asian/lcnclscd.2002530058</subfield>
  </datafield>
  <datafield ind1=" " ind2=" " tag="985">
    <subfield code="a">asian/lcnclscd</subfield>
  </datafield>
  <datafield ind1=" " ind2=" " tag="985">
    <subfield code="a">spacingreload</subfield>
  </datafield>
  <datafield ind1=" " ind2=" " tag="985">
    <subfield code="a">wdl</subfield>
  </datafield>
  <datafield ind1=" " ind2=" " tag="985">
    <subfield code="e">CHRBB.</subfield>
  </datafield>
  <datafield ind1=" " ind2=" " tag="985">
    <subfield code="e">LCNCL</subfield>
  </datafield>
  <datafield ind1=" " ind2=" " tag="985">
    <subfield code="a">asian/asiancrb</subfield>
  </datafield>
</record>
